Heidegger

Αποθηκεύτηκε σε:
Λεπτομέρειες βιβλιογραφικής εγγραφής
Κύριος συγγραφέας: Steiner, George, 1929-2020
Μορφή: Βιβλίο
Γλώσσα:English
Δημοσίευση: Glasgow : Fontana/Collins, [1978]
Σειρά:(Modern masters)
Θέματα:
Ετικέτες: Προσθήκη ετικέτας
Δεν υπάρχουν, Καταχωρήστε ετικέτα πρώτοι!

MARC

LEADER 00000cam a2200000 a 4500
001 1/113363
008 170313s1978####enk| ||| |||| ||eng||
040 |a GR-MyUa  |b gre  |c GR-MyUa  |e AACR2 
041 0 |a eng 
082 7 |a 193   |2 (23) 
100 1 |a Steiner, George,   |d 1929-2020. 
245 1 0 |a Heidegger /   |c George Steiner.  
260 |a Glasgow :   |b Fontana/Collins,   |c [1978]  
300 |a 156 σ. ;  |c 18 εκ.  
490 0 |a (Modern masters)  
504 |a Βιβλιογραφία: σ. 153-[157].  
600 1 0 |a Heidegger, Martin,   |d 1889-1976. 
852 |a INST  |b LESVOS  |e 20170313  |h 193 STE  |p 005100058888  |q 005100058888  |t BK  |y 0 
970 |a Τζαφέρη  |b Ευαγγελία  |z 12-03-2017